Ranganathan's Philosophy (Record no. 1237003)

MARC details
000 -LEADER
fixed length control field 00508nam a2200193Ia 4500
008 - FIXED-LENGTH DATA ELEMENTS--GENERAL INFORMATION
fixed length control field 151121s9999||||xx |||||||||||||| ||und||
082 ## - DEWEY DECIMAL CLASSIFICATION NUMBER
Classification number 025/RAJ
082 ## - DEWEY DECIMAL CLASSIFICATION NUMBER
Item number HNW-53340
100 ## - MAIN ENTRY--PERSONAL NAME
Personal name Rajagopalan T। S।
245 ## - TITLE STATEMENT
Title Ranganathan's Philosophy
260 ## - PUBLICATION, DISTRIBUTION, ETC. (IMPRINT)
Name of publisher, distributor, etc Vikas Pub। House Pvt। Ltd।
260 ## - PUBLICATION, DISTRIBUTION, ETC. (IMPRINT)
Date of publication, distribution, etc --
300 ## - PHYSICAL DESCRIPTION
Extent 690
600 ## - SUBJECT ADDED ENTRY--PERSONAL NAME
Personal name Rajagopalan T। S।
630 ## - SUBJECT ADDED ENTRY--UNIFORM TITLE
Uniform title Ranganathan's Philosophy
700 ## - ADDED ENTRY--PERSONAL NAME
Personal name Rajagopalan T। S।
730 ## - ADDED ENTRY--UNIFORM TITLE
Uniform title Ranganathan's Philosophy
942 ## - ADDED ENTRY ELEMENTS (KOHA)
Koha item type Book
Holdings
Withdrawn status Lost status Damaged status Not for loan Home library Current library Date acquired Cost, normal purchase price Total Checkouts Full call number Barcode Date last seen Cost, replacement price Price effective from Koha item type
        Hirachand Nemchand Wachanalaya, Solapur Hirachand Nemchand Wachanalaya, Solapur 11/21/2015 195.00   HNW-53340 HNW-53340 11/21/2015 195.00 11/21/2015 Book